[Event "4NCL Division 2b"]
[Site "Hinckley Island ENG"]
[Date "2014.01.12"]
[Round "4.68"]
[White "Stockwell, Mark B"]
[Black "Dixit, Kumar"]
[Result "1/2-1/2"]
[WhiteElo "1985"]
[BlackElo "2003"]
[PlyCount "113"]
[EventDate "2014.01.12"]
[WhiteTeam "The AD's"]
[BlackTeam "BCM Dragons (1)"]

1. e4 c5 2. Nf3 e6 3. c3 d5 4. exd5 Qxd5 5. d4 Nc6 6. Be3 cxd4 7. cxd4 Nf6 8.
Nc3 Bb4 9. Bd3 O-O 10. O-O Qh5 11. Qe2 Rd8 12. Rad1 Bd6 13. Ne5 Qxe2 14. Bxe2
Nb4 15. Bg5 Be7 16. Bf3 Nfd5 17. Bd2 f6 18. Ng4 Nxc3 19. bxc3 Nc6 20. Rfe1 Kf7
21. Ne3 Bd7 22. Bc1 Rac8 23. c4 Na5 24. Be2 Bb4 25. Bd2 Bxd2 26. Rxd2 Bc6 27.
Red1 g6 28. f3 Rd6 29. Kf2 Rcd8 30. d5 exd5 31. cxd5 Bd7 32. Rc1 Be8 33. f4 b6
34. h4 Nb7 35. h5 Nc5 36. hxg6+ hxg6 37. Bf3 Bb5 38. Rb1 Bd3 39. Rb4 Ba6 40.
Rbd4 R8d7 41. g4 Rd8 42. Be2 Bb7 43. Rd1 Kg7 44. Bf3 Ba6 45. Be2 Bxe2 46. Kxe2
b5 47. Kf3 R8d7 48. Rb4 a6 49. Rb2 Kf8 50. Rc2 Nb7 51. Rdc1 Nd8 52. Rc8 Ke7 53.
Rh1 Kf8 54. Rh8+ Kg7 55. Re8 Kf7 56. Rh8 Kg7 57. Re8 1/2-1/2

[Event "4NCL Division 2b"]
[Site "Hinckley Island ENG"]
[Date "2014.01.12"]
[Round "4.71"]
[White "Berry, Neil"]
[Black "Fernandez, Michael H"]
[Result "1/2-1/2"]
[WhiteElo "2227"]
[BlackElo "1941"]
[PlyCount "72"]
[EventDate "2014.01.12"]
[WhiteTeam "Barbican 4NCL Youth"]
[BlackTeam "Bradford DCA Knights A"]

1. d4 d5 2. c4 c6 3. Nf3 Nf6 4. Qc2 g6 5. Bf4 Bf5 6. Qb3 Qb6 7. c5 Qxb3 8. axb3
Bxb1 9. Rxb1 Bg7 10. e3 O-O 11. Be2 Nh5 12. Bg5 f6 13. Bh4 g5 14. Bg3 Nxg3 15.
hxg3 h6 16. g4 Nd7 17. Bd3 Kf7 18. Ke2 b6 19. b4 a5 20. cxb6 Nxb6 21. bxa5 Rxa5
22. Rhc1 Rc8 23. Rc2 c5 24. b3 cxd4 25. Nxd4 Rxc2+ 26. Nxc2 e6 27. f3 Nd7 28.
e4 dxe4 29. Bxe4 f5 30. gxf5 exf5 31. Bd3 Nb6 32. b4 Re5+ 33. Kd2 f4 34. Ra1
Rd5 35. Ra7+ Rd7 36. Rxd7+ Nxd7 1/2-1/2

[Event "4NCL Division 2b"]
[Site "Hinckley Island ENG"]
[Date "2014.01.12"]
[Round "4.72"]
[White "Lang, Adam R"]
[Black "Coleman, David J"]
[Result "0-1"]
[WhiteElo "2172"]
[BlackElo "2221"]
[PlyCount "90"]
[EventDate "2014.01.12"]
[WhiteTeam "Bradford DCA Knights A"]
[BlackTeam "Barbican 4NCL Youth"]

1. e4 c5 2. Nf3 d6 3. d4 cxd4 4. Nxd4 Nf6 5. Nc3 a6 6. Bg5 e6 7. f4 Be7 8. Qf3
Qc7 9. O-O-O Nbd7 10. Bd3 h6 11. Qh3 Nb6 12. f5 e5 13. Nde2 Bd7 14. g4 Bc6 15.
Bxf6 Bxf6 16. Qf3 O-O-O 17. Nd5 Bxd5 18. exd5 e4 19. Bxe4 Rhe8 20. Ng3 Nc4 21.
c3 Re7 22. Rhe1 Rde8 23. Kb1 Qb6 24. Re2 Kb8 25. Rde1 Bh4 26. Qg2 Bg5 27. Qf2
Qxf2 28. Rxf2 Nd2+ 29. Rxd2 Bxd2 30. Re2 Bf4 31. Bd3 Bxg3 32. Rxe7 Rxe7 33.
hxg3 Re3 34. Kc2 Rxg3 35. Be2 Kc7 36. c4 a5 37. Kd2 Kb6 38. Ke1 Rg1+ 39. Kd2
Kc5 40. a3 a4 41. Kc3 Rg3+ 42. Kd2 Kd4 43. Ke1 b6 44. Kd2 Rg2 45. Ke1 Ke3 0-1

[Event "4NCL Division 2b"]
[Site "Hinckley Island ENG"]
[Date "2014.01.12"]
[Round "4.73"]
[White "Navarro Cia, Miguel"]
[Black "Jones, Steven A"]
[Result "1/2-1/2"]
[WhiteElo "2288"]
[BlackElo "2047"]
[PlyCount "85"]
[EventDate "2014.01.12"]
[WhiteTeam "Barbican 4NCL Youth"]
[BlackTeam "Bradford DCA Knights A"]

1. d4 Nf6 2. c4 e6 3. g3 Bb4+ 4. Bd2 Qe7 5. Nf3 Nc6 6. Nc3 d6 7. d5 Bxc3 8.
Bxc3 Nb8 9. Bg2 e5 10. O-O O-O 11. b4 a5 12. a3 Ne4 13. Bb2 f5 14. c5 Nd7 15.
cxd6 cxd6 16. Rc1 axb4 17. axb4 b6 18. Nd2 Nxd2 19. Qxd2 Ba6 20. Rc7 Rfc8 21.
Rfc1 Qd8 22. R7c6 Bb5 23. Rxd6 Rxc1+ 24. Bxc1 Qc7 25. Rc6 Bxc6 26. dxc6 Nf6 27.
Bb2 Rd8 28. Bxe5 Rxd2 29. Bxc7 Rd1+ 30. Bf1 Nd5 31. Bf4 Nxf4 32. gxf4 Rc1 33.
b5 Rb1 34. e3 Kf8 35. Kg2 Ke7 36. Bd3 Rb3 37. Bc4 Rb4 38. Bd3 Rb3 39. Be2 Rb1
40. h4 g6 41. Kg3 Rg1+ 42. Kh2 Re1 43. Bc4 1/2-1/2

[Event "4NCL Division 2b"]
[Site "Hinckley Island ENG"]
[Date "2014.01.12"]
[Round "4.74"]
[White "Hackner, Oskar A"]
[Black "Stewart, Ashley"]
[Result "1/2-1/2"]
[WhiteElo "2101"]
[BlackElo "2038"]
[PlyCount "87"]
[EventDate "2014.01.12"]
[WhiteTeam "Bradford DCA Knights A"]
[BlackTeam "Barbican 4NCL Youth"]

1. d4 e6 2. c4 Nf6 3. Nc3 Bb4 4. f3 d5 5. a3 Bxc3+ 6. bxc3 c6 7. e4 dxe4 8.
fxe4 e5 9. Nf3 Nbd7 10. Bd3 h6 11. O-O Qc7 12. Nh4 b6 13. Nf5 Rg8 14. c5 bxc5
15. dxe5 Nxe5 16. Bf4 Be6 17. Qa4 Nfd7 18. Rad1 c4 19. Bxc4 Qb6+ 20. Be3 Nc5
21. Nd6+ Ke7 22. Qb4 Qxb4 23. cxb4 Bxc4 24. Nxc4 Nxc4 25. Bxc5+ Ke6 26. Rf3
Rad8 27. Rxd8 Rxd8 28. Bxa7 Rd1+ 29. Kf2 Ra1 30. Rc3 Ra2+ 31. Kf1 Ra1+ 32. Ke2
Ra2+ 33. Kd1 Rxa3 34. Rxc4 Rxa7 35. Rxc6+ Ke5 36. Rc4 f6 37. Ke2 Ra2+ 38. Kf3
Ra3+ 39. Kg4 g6 40. g3 Rb3 41. h4 h5+ 42. Kh3 Rb2 43. Rc5+ Kxe4 44. Rc4+
1/2-1/2

[Event "4NCL Division 2b"]
[Site "Hinckley Island ENG"]
[Date "2014.01.12"]
[Round "4.76"]
[White "Bak, Andrew"]
[Black "Brett, Andrew R"]
[Result "0-1"]
[WhiteElo "2067"]
[BlackElo "2124"]
[PlyCount "92"]
[EventDate "2014.01.12"]
[WhiteTeam "Bradford DCA Knights A"]
[BlackTeam "Barbican 4NCL Youth"]

1. e4 e5 2. Nf3 Nc6 3. Bb5 a6 4. Ba4 Nf6 5. O-O Be7 6. Re1 b5 7. Bb3 O-O 8. c3
d6 9. h3 Nb8 10. d4 Nbd7 11. Nbd2 Bb7 12. Bc2 Re8 13. Nf1 Bf8 14. Ng3 g6 15.
Nh2 d5 16. exd5 exd4 17. Rxe8 Qxe8 18. cxd4 Bxd5 19. Be3 Bg7 20. Ng4 Nxg4 21.
Qxg4 Nf6 22. Qd1 Qc6 23. f3 Re8 24. Bf4 Nd7 25. Be4 Bxe4 26. fxe4 Qb6 27. Be3
h5 28. Qd3 Qd6 29. Bf2 h4 30. Ne2 Nc5 31. Qd1 Nxe4 32. Bxh4 c5 33. dxc5 Qxc5+
34. Kh1 Nf2+ 35. Bxf2 Qxf2 36. Ng1 Qxb2 37. Rc1 Qxa2 38. Qd7 Qe6 39. Qb7 Qe3
40. Rf1 Qe6 41. Nf3 Qc8 42. Qa7 Qc4 43. Nd2 Qd5 44. Qxa6 Qxd2 45. Qxb5 Re1 46.
Qc4 Qf2 0-1

[Event "4NCL Division 2b"]
[Site "Hinckley Island ENG"]
[Date "2014.01.12"]
[Round "4.77"]
[White "Keen, Cosima C"]
[Black "Somerset, William P"]
[Result "1-0"]
[WhiteElo "1721"]
[BlackElo "2034"]
[PlyCount "69"]
[EventDate "2014.01.12"]
[WhiteTeam "Barbican 4NCL Youth"]
[BlackTeam "Bradford DCA Knights A"]

1. d4 Nf6 2. Nf3 g6 3. Bf4 Bg7 4. e3 O-O 5. c4 d6 6. h3 Nbd7 7. Nc3 c6 8. Be2
Re8 9. O-O Nf8 10. Re1 N6d7 11. Qc2 e5 12. Bh2 exd4 13. Nxd4 Nf6 14. Rad1 Qe7
15. Bf3 Bd7 16. Qb3 Rab8 17. Nde2 Rbc8 18. Bxd6 Qd8 19. Qxb7 Qb6 20. Qxb6 axb6
21. Na4 Ra8 22. Nxb6 Ra6 23. c5 Rxa2 24. Bxf8 Bxf8 25. Nxd7 Nxd7 26. Rxd7 Rxb2
27. Bxc6 Bxc5 28. Ng3 Re7 29. Rxe7 Bxe7 30. Rd1 Rc2 31. Bd5 Kg7 32. Ne4 f5 33.
Nd2 Rc5 34. e4 Kf6 35. f4 1-0

[Event "4NCL Division 2b"]
[Site "Hinckley Island ENG"]
[Date "2014.01.12"]
[Round "4.81"]
[White "Mordue, A Tyson"]
[Black "Reid, John"]
[Result "1/2-1/2"]
[WhiteElo "2203"]
[BlackElo "2157"]
[PlyCount "25"]
[EventDate "2014.01.12"]
[WhiteTeam "Brown Jack"]
[BlackTeam "Hackney"]

1. e4 c5 2. Nf3 d6 3. d4 cxd4 4. Nxd4 Nf6 5. Nc3 a6 6. Be2 e5 7. Nb3 Be6 8. f4
Qc7 9. O-O Nbd7 10. Be3 Be7 11. a4 Nb6 12. Nd2 Nc4 13. Nxc4 1/2-1/2

[Event "4NCL Division 2b"]
[Site "Hinckley Island ENG"]
[Date "2014.01.12"]
[Round "4.82"]
[White "Eames, Robert S"]
[Black "Richmond, Peter A"]
[Result "1-0"]
[WhiteElo "2195"]
[BlackElo "2198"]
[PlyCount "83"]
[EventDate "2014.01.12"]
[WhiteTeam "Hackney"]
[BlackTeam "Brown Jack"]

1. e4 g6 2. d4 Bg7 3. Nc3 c5 4. dxc5 Bxc3+ 5. bxc3 Qa5 6. Qd4 Nf6 7. Qb4 Nc6 8.
Qxa5 Nxa5 9. Bd3 O-O 10. Nf3 Re8 11. e5 Nd5 12. O-O Nc6 13. c4 Nc7 14. Be3 a5
15. Rab1 Ne6 16. Rb5 Nc7 17. Rb6 Ne6 18. c3 Kg7 19. h4 h6 20. a4 Rf8 21. Re1
Rd8 22. h5 d6 23. cxd6 exd6 24. exd6 Rxd6 25. Be4 Rd8 26. hxg6 fxg6 27. Bd5 Re8
28. Nd4 Ncd8 29. Nxe6+ Nxe6 30. Bd4+ Kf7 31. Re3 Ra6 32. Rb1 Rd6 33. Rbe1 Bd7
34. Be5 Ra6 35. Bxb7 Rb6 36. Bd5 Bxa4 37. c5 Ra6 38. Rf3+ Kg8 39. Bd6 Bd7 40.
Rf6 a4 41. c6 Bc8 42. Rexe6 1-0

[Event "4NCL Division 2b"]
[Site "Hinckley Island ENG"]
[Date "2014.01.12"]
[Round "4.83"]
[White "Padilla Cabero, Pablo"]
[Black "Cenal Gutierrez, Ruben"]
[Result "1/2-1/2"]
[WhiteElo "2149"]
[BlackElo "2234"]
[PlyCount "70"]
[EventDate "2014.01.12"]
[WhiteTeam "Brown Jack"]
[BlackTeam "Hackney"]

1. e4 c5 2. Nc3 a6 3. g3 b5 4. Bg2 Bb7 5. Nge2 Nf6 6. O-O b4 7. Nd5 Nxd5 8.
exd5 d6 9. d4 c4 10. Re1 Nd7 11. c3 Nb6 12. Nf4 a5 13. cxb4 axb4 14. Bd2 Qd7
15. Bxb4 g6 16. b3 Bh6 17. Qf3 cxb3 18. Qxb3 Bxf4 19. gxf4 O-O 20. Bd2 Rfb8 21.
Qxb6 Bxd5 22. Qxb8+ Rxb8 23. Bxd5 e6 24. Bf3 Qa4 25. Be3 Rb2 26. a3 d5 27. Rec1
Kg7 28. Bd1 Qa5 29. Bf3 Qa4 30. Rc5 Rb3 31. f5 gxf5 32. Kh1 f4 33. Rg1+ Kf6 34.
Bd1 fxe3 35. fxe3 Qxa3 1/2-1/2

[Event "4NCL Division 2b"]
[Site "Hinckley Island ENG"]
[Date "2014.01.12"]
[Round "4.84"]
[White "Malhotra, Tarun"]
[Black "Richmond, Jane"]
[Result "1-0"]
[WhiteElo "1983"]
[BlackElo "2094"]
[PlyCount "103"]
[EventDate "2014.01.12"]
[WhiteTeam "Hackney"]
[BlackTeam "Brown Jack"]

1. Nf3 Nf6 2. g3 d5 3. Bg2 e6 4. O-O c5 5. d4 Nc6 6. e3 Be7 7. b3 O-O 8. Bb2 b6
9. Qe2 Bb7 10. Rd1 Qc7 11. Nbd2 Rac8 12. Rac1 Rfd8 13. c4 Ba6 14. Ne5 Qb8 15.
f4 Na5 16. Qf3 b5 17. Bc3 Qb6 18. b4 Nxc4 19. Ndxc4 bxc4 20. dxc5 Qb5 21. Qe2
Bb7 22. Ra1 Qa4 23. g4 Qa3 24. Qb2 Qxb2 25. Bxb2 a5 26. a3 Bc6 27. g5 Ne8 28.
Nxc6 Rxc6 29. e4 Nc7 30. Be5 Kf8 31. Rac1 f6 32. gxf6 Bxf6 33. Bd6+ Ke8 34.
exd5 exd5 35. Bxd5 Nxd5 36. Rxd5 axb4 37. axb4 Ra6 38. Rxc4 Ra1+ 39. Kg2 Rda8
40. Rd2 Rb1 41. c6 Kd8 42. Be5+ Kc8 43. Bxf6 gxf6 44. c7 Kb7 45. Rd8 Rc8 46.
Rxc8 Kxc8 47. Kf3 h5 48. Kg3 Rb2 49. h3 Rb1 50. Kh4 Rb3 51. Kxh5 Rxh3+ 52. Kg6
1-0

[Event "4NCL Division 2b"]
[Site "Hinckley Island ENG"]
[Date "2014.01.12"]
[Round "4.85"]
[White "Rabbitt, Michael"]
[Black "Walker, Nicholas P"]
[Result "1/2-1/2"]
[WhiteElo "2053"]
[BlackElo "2167"]
[PlyCount "89"]
[EventDate "2014.01.12"]
[WhiteTeam "Brown Jack"]
[BlackTeam "Hackney"]

1. Nf3 d5 2. d4 Bg4 3. c4 Nc6 4. cxd5 Bxf3 5. gxf3 Qxd5 6. e3 e5 7. Nc3 Bb4 8.
Bd2 Bxc3 9. bxc3 exd4 10. cxd4 Nf6 11. Be2 O-O 12. Qb3 Rfe8 13. Qxd5 Nxd5 14.
Rb1 Nb6 15. Kf1 Rad8 16. Rg1 Rd6 17. f4 Nd8 18. Bb4 Rh6 19. Rg2 Nd5 20. Bd2 Rd6
21. Rc1 c6 22. Bd3 Nf6 23. f3 b6 24. Re2 Nd7 25. Bc3 c5 26. Bb5 Re7 27. Bxd7
Rexd7 28. dxc5 bxc5 29. f5 Rd1+ 30. Rxd1 Rxd1+ 31. Kg2 Nc6 32. f6 gxf6 33. Bxf6
Rd6 34. Bb2 f5 35. Kg3 Nb4 36. Kf4 Rd5 37. Bc3 Kf7 38. Rd2 Nd3+ 39. Kg3 c4 40.
e4 f4+ 41. Kg4 Rb5 42. Rc2 h5+ 43. Kh4 Kg6 44. Rg2+ Kh6 45. Rg8 1/2-1/2

[Event "4NCL Division 2b"]
[Site "Hinckley Island ENG"]
[Date "2014.01.12"]
[Round "4.86"]
[White "Tasker, Michael W"]
[Black "Girdlestone, Paul C"]
[Result "1-0"]
[WhiteElo "2074"]
[BlackElo "2132"]
[PlyCount "93"]
[EventDate "2014.01.12"]
[WhiteTeam "Hackney"]
[BlackTeam "Brown Jack"]

1. Nf3 Nf6 2. c4 e6 3. d4 b6 4. a3 Ba6 5. Qc2 d5 6. cxd5 exd5 7. g3 Bd6 8. Bg2
O-O 9. O-O Nbd7 10. Nc3 Re8 11. Re1 c5 12. Bf4 Bxf4 13. gxf4 Qc7 14. e3 cxd4
15. Nxd4 Ne4 16. Nxd5 Qxc2 17. Nxc2 Rac8 18. Nd4 Bc4 19. Bh3 Nec5 20. Nc3 Rcd8
21. Nc6 Rc8 22. Nxa7 Ra8 23. Nab5 Re7 24. Nc7 Ra7 25. N3d5 Rxc7 26. Nxe7+ Kf8
27. Nf5 Nb3 28. Rad1 Be6 29. Kg2 Rc2 30. Nd4 Bxh3+ 31. Kxh3 Nxd4 32. Rxd4 Nf6
33. Rb4 Rxf2 34. Kg3 Rd2 35. Kf3 Rxh2 36. Rxb6 h5 37. Re2 Rh4 38. a4 Ng4 39.
Ke4 Rh1 40. a5 h4 41. a6 Ra1 42. Rg2 f5+ 43. Kxf5 Nxe3+ 44. Ke6 Kg8 45. Rh2 Nc4
46. Rb8+ Kh7 47. Rxh4+ 1-0

[Event "4NCL Division 2b"]
[Site "Hinckley Island ENG"]
[Date "2014.02.15"]
[Round "5.51"]
[White "Suarez Garcia, Carlos"]
[Black "Cobb, James E"]
[Result "1/2-1/2"]
[WhiteElo "2378"]
[BlackElo "2424"]
[PlyCount "114"]
[EventDate "2014.02.15"]
[WhiteTeam "Hackney"]
[BlackTeam "South Wales Dragons"]

1. d4 Nf6 2. c4 e6 3. g3 d5 4. Nf3 Bb4+ 5. Nbd2 c5 6. Bg2 Nc6 7. cxd5 exd5 8.
dxc5 Bxc5 9. O-O O-O 10. Nb3 Bb6 11. Nbd4 Re8 12. e3 Bg4 13. Qa4 Qd7 14. Nxc6
bxc6 15. Nd4 Rac8 16. Bd2 Ne4 17. Ba5 Bxd4 18. exd4 Bh3 19. Qa3 Ng5 20. Bd2
Bxg2 21. Kxg2 Qh3+ 22. Kg1 Ne4 23. Rad1 Re6 24. Qf3 Rce8 25. Bf4 h5 26. Qg2 Qf5
27. Be3 Nf6 28. h3 Ne4 29. Kh2 Ng5 30. Bxg5 Qxg5 31. Qg1 h4 32. gxh4 Qxh4 33.
Qg3 Qf6 34. Rd2 Re4 35. Rfd1 Rf4 36. Kg2 Ree4 37. Rd3 Rxd4 38. Rxd4 Rxd4 39.
Rxd4 Qxd4 40. Qd6 Qb6 41. Qd7 g5 42. b3 Kg7 43. Qe7 Kg6 44. Qd6+ f6 45. Qd7 Qc5
46. Qe8+ Kf5 47. Qd7+ Ke5 48. Qe8+ Kf4 49. b4 Qc3 50. b5 cxb5 51. Qxb5 Qd4 52.
a4 Qe4+ 53. Kg1 Qc4 54. Qb8+ Kf3 55. Qxa7 Qc1+ 56. Kh2 Qf4+ 57. Kg1 Qc1+
1/2-1/2

[Event "4NCL Division 2b"]
[Site "Hinckley Island ENG"]
[Date "2014.02.15"]
[Round "5.52"]
[White "Cooper, John G"]
[Black "Reid, John"]
[Result "1/2-1/2"]
[WhiteElo "2324"]
[BlackElo "2152"]
[PlyCount "42"]
[EventDate "2014.02.15"]
[WhiteTeam "South Wales Dragons"]
[BlackTeam "Hackney"]

1. Nf3 Nf6 2. c4 g6 3. Nc3 Bg7 4. e4 d6 5. d4 O-O 6. Be2 e5 7. d5 a5 8. Bg5 h6
9. Bh4 Na6 10. O-O Qe8 11. Nd2 Bd7 12. b3 Nh7 13. a3 h5 14. f3 Bf6 15. Bf2 Qe7
16. Rb1 Bh4 17. b4 Bxf2+ 18. Rxf2 axb4 19. axb4 Nf6 20. Nf1 c5 21. dxc6 bxc6
1/2-1/2

[Event "4NCL Division 2b"]
[Site "Hinckley Island ENG"]
[Date "2014.02.15"]
[Round "5.53"]
[White "Lyell, Mark"]
[Black "Dineley, Richard DP"]
[Result "1-0"]
[WhiteElo "2186"]
[BlackElo "2250"]
[PlyCount "63"]
[EventDate "2014.02.15"]
[WhiteTeam "Hackney"]
[BlackTeam "South Wales Dragons"]

1. e4 e5 2. Nf3 Nc6 3. Bc4 Bc5 4. b4 Bxb4 5. c3 Ba5 6. d4 exd4 7. Qb3 Qe7 8.
O-O Bb6 9. cxd4 Nxd4 10. Nxd4 Bxd4 11. Nc3 Nf6 12. Nb5 d5 13. exd5 Bxa1 14. Ba3
Qe5 15. f4 Bd4+ 16. Kh1 Qe3 17. Nxd4 Qxb3 18. Re1+ Be6 19. Bxb3 O-O-O 20. dxe6
Rxd4 21. exf7 Rdd8 22. Be6+ Kb8 23. g4 h6 24. Be7 Rdf8 25. g5 hxg5 26. Bxf8
Rxf8 27. fxg5 Ne8 28. Bd7 Nd6 29. Re8+ Nxe8 30. fxe8=Q+ Rxe8 31. Bxe8 c5 32. h4
1-0

[Event "4NCL Division 2b"]
[Site "Hinckley Island ENG"]
[Date "2014.02.15"]
[Round "5.54"]
[White "Zeidler, Sven P"]
[Black "Cenal Gutierrez, Ruben"]
[Result "1/2-1/2"]
[WhiteElo "2241"]
[BlackElo "2224"]
[PlyCount "119"]
[EventDate "2014.02.15"]
[WhiteTeam "South Wales Dragons"]
[BlackTeam "Hackney"]

1. e4 e5 2. Nf3 d6 3. d4 Nd7 4. dxe5 dxe5 5. Bc4 c6 6. O-O Be7 7. Ng5 Bxg5 8.
Qh5 g6 9. Qxg5 Qxg5 10. Bxg5 Nc5 11. Nd2 Ne6 12. Be3 Nf6 13. Nf3 Nxe4 14. Nxe5
Nd6 15. Bd3 f6 16. Nc4 Nf7 17. Rad1 O-O 18. Be2 Ng7 19. Bd4 Nh6 20. Nd6 Nhf5
21. Nxc8 Nxd4 22. Bc4+ Nde6 23. Nd6 b5 24. Bb3 Kh8 25. Rfe1 Nc5 26. Nf7+ Kg8
27. Nh6+ Kh8 28. Re7 Nxb3 29. axb3 Rfe8 30. Rc7 Ne6 31. Rxc6 Kg7 32. Ng4 Rad8
33. Ra1 Re7 34. g3 f5 35. Ne3 f4 36. gxf4 Nxf4 37. Rca6 Rdd7 38. R6a5 Nh3+ 39.
Kg2 Nf4+ 40. Kf1 Nh3 41. Kg2 Nf4+ 42. Kf3 Rf7 43. Rxb5 Rd2 44. Nf5+ gxf5 45.
Kxf4 Rxf2+ 46. Kg3 Rxc2 47. Rba5 f4+ 48. Kf3 Rxh2 49. Rxa7 Rh3+ 50. Kg4 Rg3+
51. Kh4 Rxa7 52. Rxa7+ Kg6 53. b4 Kf5 54. Ra3 Rg6 55. Kh3 Ke4 56. b5 f3 57. Ra7
Rf6 58. Ra6 Rf8 59. Ra1 f2 60. Kg2 1/2-1/2

[Event "4NCL Division 2b"]
[Site "Hinckley Island ENG"]
[Date "2014.02.15"]
[Round "5.55"]
[White "Eames, Robert S"]
[Black "Redmond, John P"]
[Result "1/2-1/2"]
[WhiteElo "2218"]
[BlackElo "2243"]
[PlyCount "55"]
[EventDate "2014.02.15"]
[WhiteTeam "Hackney"]
[BlackTeam "South Wales Dragons"]

1. e4 e6 2. d4 d5 3. Nd2 Be7 4. Ngf3 Nf6 5. Bd3 c5 6. c3 cxd4 7. cxd4 dxe4 8.
Nxe4 Bd7 9. O-O Bc6 10. Ng3 Bd5 11. Be3 Nc6 12. Ne5 O-O 13. f4 Qb6 14. Nh5 Nxh5
15. Qxh5 f5 16. b3 Nxe5 17. fxe5 Rac8 18. Qe2 a6 19. Rac1 Qa7 20. Bc4 Rcd8 21.
Rc2 Qb6 22. Kh1 Rd7 23. Bxd5 Rxd5 24. Qc4 Qd8 25. Qc7 Rd7 26. Qc4 Rd5 27. Qc7
Rd7 28. Qc4 1/2-1/2

[Event "4NCL Division 2b"]
[Site "Hinckley Island ENG"]
[Date "2014.02.15"]
[Round "5.56"]
[White "Morris, Charles F"]
[Black "Ociepka, Adrian"]
[Result "1/2-1/2"]
[WhiteElo "2155"]
[BlackElo "2124"]
[PlyCount "96"]
[EventDate "2014.02.15"]
[WhiteTeam "South Wales Dragons"]
[BlackTeam "Hackney"]

1. c4 Nf6 2. g3 g6 3. Bg2 Bg7 4. Nc3 O-O 5. d4 d6 6. Nf3 Nbd7 7. O-O c6 8. e4
e5 9. h3 exd4 10. Nxd4 Re8 11. Re1 a5 12. Re2 Nc5 13. Nb3 Ne6 14. Be3 a4 15.
Nd2 Qa5 16. Rc1 Qb4 17. b3 axb3 18. axb3 Nd7 19. Ndb1 Ndc5 20. Rb2 Ra1 21. Na2
Qa5 22. b4 Qa8 23. Nbc3 Rxc1 24. Bxc1 Nd7 25. Rd2 Ne5 26. Bf1 Qa7 27. Kg2 Ng5
28. g4 Nxh3 29. f3 Nf4+ 30. Kh1 g5 31. Rxd6 Qf2 32. Rd8 Qh4+ 33. Kg1 Bd7 34.
Rxe8+ Bxe8 35. Bxf4 gxf4 36. Be2 Bd7 37. Na4 Be6 38. Nb6 h5 39. gxh5 Qg3+ 40.
Kh1 Bh3 41. Qg1 Qh4 42. h6 Qxh6 43. Qh2 Qh4 44. Bf1 Nxf3 45. Qxh3 Qf2 46. Qg2
Qh4+ 47. Qh3 Qf2 48. Qg2 Qh4+ 1/2-1/2

[Event "4NCL Division 2b"]
[Site "Hinckley Island ENG"]
[Date "2014.02.15"]
[Round "5.57"]
[White "Walker, Nicholas P"]
[Black "Jameson, David"]
[Result "1-0"]
[WhiteElo "2172"]
[BlackElo "2128"]
[PlyCount "141"]
[EventDate "2014.02.15"]
[WhiteTeam "Hackney"]
[BlackTeam "South Wales Dragons"]

1. d4 Nf6 2. Bg5 d5 3. Bxf6 exf6 4. e3 Bf5 5. Ne2 c6 6. Nd2 Nd7 7. Ng3 Bg6 8.
c4 dxc4 9. Bxc4 Nb6 10. Be2 Bd6 11. O-O O-O 12. Qb3 Bxg3 13. hxg3 Re8 14. a4
Qe7 15. Bf3 Qe6 16. a5 Qxb3 17. Nxb3 Nd5 18. Nc5 b6 19. axb6 axb6 20. Nd7 Bf5
21. Bxd5 Bxd7 22. Bf3 Kf8 23. b4 Ke7 24. Rfc1 Rxa1 25. Rxa1 Kd6 26. Ra7 f5 27.
Kf1 g5 28. Ke1 Rc8 29. Kd2 Be6 30. Rb7 b5 31. Ra7 Rc7 32. Ra6 Rc8 33. Ra7 Rc7
34. Ra6 Rc8 35. Be2 Kd7 36. Bd3 h5 37. Be2 g4 38. Bd3 Kc7 39. e4 fxe4 40. Bxe4
Kb7 41. Ra1 Bc4 42. Ke3 Re8 43. Kf4 Kc7 44. f3 Kd6 45. Rh1 gxf3 46. gxf3 Bd5
47. Rxh5 Bxe4 48. fxe4 Ra8 49. Rh6+ Kd7 50. Rf6 Ra4 51. Ke5 Rxb4 52. Rxf7+ Ke8
53. Rb7 Rc4 54. g4 c5 55. Rxb5 cxd4 56. Rd5 Ke7 57. Rxd4 Rc1 58. Ra4 Rc5+ 59.
Kf4 Kf6 60. g5+ Kg6 61. Ra6+ Kf7 62. Rf6+ Ke7 63. Rf5 Rc1 64. g6 Rf1+ 65. Kg5
Rg1+ 66. Kh6 Rh1+ 67. Rh5 Rg1 68. g7 Kf7 69. Rf5+ Ke7 70. Rg5 Rh1+ 71. Kg6 1-0

[Event "4NCL Division 2b"]
[Site "Hinckley Island ENG"]
[Date "2014.02.15"]
[Round "5.58"]
[White "Lochte, Szilvia"]
[Black "Bowmer, Kevin"]
[Result "1/2-1/2"]
[WhiteElo "1952"]
[BlackElo "2086"]
[PlyCount "148"]
[EventDate "2014.02.15"]
[WhiteTeam "South Wales Dragons"]
[BlackTeam "Hackney"]

1. d4 Nf6 2. Nf3 g6 3. Bg5 Bg7 4. Nbd2 O-O 5. e4 d6 6. Bd3 Nbd7 7. O-O h6 8.
Bf4 e5 9. dxe5 Nh5 10. Be3 dxe5 11. Nc4 Nf4 12. Qd2 Nxd3 13. Qxd3 Qe7 14. Rad1
Re8 15. Na5 Qb4 16. Nb3 Nb6 17. c3 Qa4 18. Nc5 Qc6 19. h3 Kh7 20. Nd2 Na4 21.
Nxa4 Qxa4 22. b3 Qc6 23. Nc4 b6 24. Qc2 Ba6 25. Rd2 Bxc4 26. bxc4 Qxc4 27. Rfd1
Bf8 28. Rd5 b5 29. Bc1 b4 30. Bb2 bxc3 31. Qxc3 Qxc3 32. Bxc3 Bd6 33. Rb1 f6
34. Rb7 Reb8 35. Rdb5 Rxb7 36. Rxb7 Kg8 37. Ba5 Rc8 38. Rxa7 Kf7 39. Rb7 Ke6
40. Rb2 Ra8 41. Bd2 h5 42. Kf1 f5 43. exf5+ gxf5 44. Rc2 Kd5 45. Ke2 Rg8 46. g3
Ra8 47. Bc1 Bc5 48. Kd3 Ra4 49. Bg5 c6 50. Ke2 Bd4 51. Bc1 c5 52. Kf3 Rc4 53.
Rxc4 Kxc4 54. g4 fxg4+ 55. hxg4 hxg4+ 56. Kxg4 Bxf2 57. Kf3 Bd4 58. Ke4 Kc3 59.
Ba3 c4 60. Bd6 Kb2 61. a4 c3 62. Bb4 c2 63. Bd2 Bc3 64. Be3 Kb3 65. a5 Bxa5 66.
Kxe5 Kc4 67. Bc1 Kd3 68. Kd5 Bb4 69. Ke6 Ke2 70. Kd5 Kd1 71. Bb2 Bc3 72. Ba3
Bd2 73. Kc4 Bc1 74. Bd6 Bb2 1/2-1/2

[Event "4NCL Division 2b"]
[Site "Hinckley Island ENG"]
[Date "2014.02.15"]
[Round "5.61"]
[White "Holland, James P"]
[Black "Berry, Neil"]
[Result "1/2-1/2"]
[WhiteElo "2270"]
[BlackElo "2223"]
[PlyCount "124"]
[EventDate "2014.02.15"]
[WhiteTeam "BCM Dragons (1)"]
[BlackTeam "Barbican 4NCL Youth"]

1. d4 Nf6 2. Nf3 d5 3. c4 e6 4. Nc3 Bb4 5. Qa4+ Nc6 6. Ne5 Bd7 7. Nxd7 Qxd7 8.
e3 O-O 9. Bd2 a6 10. Qc2 dxc4 11. Bxc4 e5 12. d5 Ne7 13. a3 Qg4 14. Qb3 Bd6 15.
Rg1 Nd7 16. h3 Qg6 17. Qd1 b5 18. Bb3 e4 19. Qg4 f5 20. Qxg6 Nxg6 21. Ke2 Nge5
22. f4 exf3+ 23. gxf3 Rae8 24. Nd1 Nc5 25. Bc2 Nc4 26. b4 Be5 27. Ra2 Nd7 28.
Bb3 Ndb6 29. e4 fxe4 30. fxe4 Nxd5 31. Ne3 Ndxe3 32. Bxe3 Kh8 33. Bc5 Rf4 34.
Rg4 Nd6 35. Bxd6 cxd6 36. Rxf4 Bxf4 37. Bd5 Re7 38. a4 g5 39. axb5 axb5 40. Ra5
Rc7 41. Rxb5 Rc2+ 42. Kd3 Rc8 43. Rb7 Bh2 44. b5 Bg1 45. b6 Rf8 46. Kc4 h5 47.
Be6 Re8 48. Bf5 g4 49. hxg4 hxg4 50. Rh7+ Kg8 51. b7 g3 52. Rh4 Ba7 53. Rg4+
Kf8 54. Rxg3 Re7 55. Rh3 Kg7 56. Rb3 Bb8 57. Kd5 Re5+ 58. Kc6 d5 59. exd5 Rxf5
60. d6 Rf6 61. Rd3 Kg6 62. Rg3+ Kf7 1/2-1/2

[Event "4NCL Division 2b"]
[Site "Hinckley Island ENG"]
[Date "2014.02.15"]
[Round "5.62"]
[White "Navarro Cia, Miguel"]
[Black "Dos Santos Oliveira, Sancho"]
[Result "1/2-1/2"]
[WhiteElo "2284"]
[BlackElo "2283"]
[PlyCount "95"]
[EventDate "2014.02.15"]
[WhiteTeam "Barbican 4NCL Youth"]
[BlackTeam "BCM Dragons (1)"]

1. e4 c5 2. Nf3 d6 3. d4 cxd4 4. Nxd4 Nf6 5. f3 e5 6. Nb3 a5 7. c4 Nxe4 8. Be3
Nf6 9. Nc3 Be7 10. Qd2 a4 11. Nc1 Be6 12. Be2 O-O 13. O-O Nbd7 14. Rb1 Nb6 15.
b3 axb3 16. axb3 d5 17. Bf2 Bb4 18. Qb2 d4 19. Nb5 Nfd7 20. f4 f6 21. Nd3 Be7
22. Bf3 Bf5 23. Qe2 Rb8 24. Rbd1 Re8 25. fxe5 Bxd3 26. Qxd3 fxe5 27. Bg3 Bb4
28. Be4 Nf8 29. Qf3 Qe7 30. Qg4 g6 31. Bh4 Qd7 32. Bd5+ Nxd5 33. Rxf8+ Rxf8 34.
Qxd7 Nf4 35. g3 Rf7 36. Qxf7+ Kxf7 37. gxf4 exf4 38. Nxd4 g5 39. Bf2 Rd8 40.
Kg2 g4 41. Rf1 Bc5 42. Nb5 Rd2 43. Nc3 Bd4 44. Ne4 Rb2 45. Kg1 Be5 46. Bg3 Bd4+
47. Bf2 Be5 48. Bg3 1/2-1/2